Conan. Stíny nad Kúšem /

Komiksové zpracování conanovských legend, povídek a příběhů.

Main Author: Van Lente, Fred, 1972-
Other Authors: Ching, Brian, Francisco, Edu, Niklíčková, Alexandra, 1978-, Kantůrek, Jan, 1948-2018
Language: Czech
Published: Praha : Comics Centrum, 2025
Edition: Druhé, upravené, české vydání
Physical Description: 160 nečíslovaných stran : ilustrace (převážně barevné) ; 24 cm
Language note: Český text
Book
Saved in:
LEADER 02869nam a2200625 i 4500
001 nkc20253732537
003 CZ PrNK
005 20260206155350.0
007 ta
008 251217s2025 xr a g 6 000 1 cze
015 |a cnb003732537 
020 |a 978-80-7652-192-6  |q (vázáno) 
035 |a (OCoLC)1578134486 
040 |a ABG001  |b cze  |d ABA001  |e rda 
041 1 |a cze  |h eng 
072 7 |a 741.52  |x Komiksy. Komiksové adaptace  |2 Konspekt  |9 21 
080 |a 741.52(0:82-322.9)  |2 MRF 
080 |a 741.52(0:82-321.3)  |2 MRF 
080 |a 741.52(0.046.6)  |2 MRF 
080 |a 821.111(73)-32  |2 MRF 
100 1 |a Van Lente, Fred,  |d 1972-  |7 xx0096375  |4 aut 
240 1 0 |a Shadows over Kush.  |l Česky 
245 1 0 |a Conan.  |p Stíny nad Kúšem /  |c scénář Fred van Lente ; překlad Alexandra Niklíčková s přihlédnutím k překladům Jana Kantůrka ; kresba Brian Ching, Eduardo Francisco 
246 3 0 |a Stíny nad Kúšem 
250 |a Druhé, upravené, české vydání 
264 1 |a Praha :  |b Comics Centrum,  |c 2025 
300 |a 160 nečíslovaných stran :  |b ilustrace (převážně barevné) ;  |c 24 cm 
336 |a text  |b txt  |2 rdacontent 
336 |a statický obraz  |b sti  |2 rdacontent 
337 |a bez média  |b n  |2 rdamedia 
338 |a svazek  |b nc  |2 rdacarrier 
500 |a Přeloženo z angličtiny 
520 2 |a Komiksové zpracování conanovských legend, povídek a příběhů.  |b Po smrti své milované Bêlit se Conan v neklidném městě Šumbala opíjí do bezvědomí. Jenže s démony a čarodějem na svobodě nemůže najít klid - je vtažen do víru intrik v městě stojícím na prahu revoluce. Tváří v tvář své minulosti a všemu, co ztratil, musí Conan přežít zkoušky, které ho čekají, pokud chce vůbec pomyslet na budoucnost. Nakladatelská anotace. Kráceno. 
521 8 |a Pro čtenáře od 14 let (kniha obsahuje vyobrazení násilných a hororových scén) 
546 |a Český text 
655 7 |a fantasy komiksy  |7 fd1057473  |2 czenas 
655 7 |a akční a dobrodružné komiksy  |7 fd1057471  |2 czenas 
655 7 |a komiksové adaptace  |7 fd1057342  |2 czenas 
655 7 |a americké příběhy  |7 fd131795  |2 czenas 
655 9 |a fantasy comics  |2 eczenas 
655 9 |a action and adventure comics  |2 eczenas 
655 9 |a comics adaptations  |2 eczenas 
655 9 |a American stories  |2 eczenas 
700 1 |a Ching, Brian  |7 xx0232063  |4 ill 
700 1 |a Francisco, Edu  |7 xx0333775  |4 ill 
700 1 |a Niklíčková, Alexandra,  |d 1978-  |7 mzk2013751044  |4 trl 
700 1 |a Kantůrek, Jan,  |d 1948-2018  |7 jn20010310357  |4 trl 
787 0 8 |i Z cyklu:  |t Conan (komiks)  |g 17 
910 2 |a BOA001  |b 2-1556.099 
920 |a 5186691  |z ABG001 
928 9 |a Martin Trojan 
990 |a BK 
995 |a 01 
991 |b 202601  |c NOV 
996 6 |b 2611022602  |c 2-1556.099  |l MZK  |r Sklad / do 1 hodiny  |n 0  |p p.v.  |w 002029880  |u 000010  |a 1  |e BOA001  |j MZK50  |s P